CITES: un instrumento para la conservación (Registro nro. 3658)

Detalles MARC
000 -CABECERA
Campo de control 00791nam a2200205 a 4500
005 - FECHA Y HORA DE LA ULTIMA TRANSACCION
Campo de control 20160113104343.0
008 - ELEMENTOS DE LONGITUD FIJA—INFORMACION GENERAL
Campo de control 140312b1987 wau||||| |||| 00| 0 eng d
040 ## - FUENTE DE CATALOGACIÓN
Agencia catalogadora original CO-BoIAVH
Agencia transcriptora CO-BoIAVH
041 ## - IDIOMA
Código de idioma para texto/pista de sonido o título separado Español
044 ## - PAÍS DE PUBLICACIÓN
País de publicación Estados Unidos
082 04 - NUMERO DE CLASIFICACION DECIMAL DEWEY
Número de clasificación 333.9522
Número del ítem B91c
100 1# - ASIENTO PRINCIPAL--NOMBRE PERSONAL
Nombre personal Braütigam, Amie
9 (RLIN) 15963
245 10 - MENCION DE TITULO
Título CITES: un instrumento para la conservación
Parte restante del título una guía para enmendar los apéndices a la convención sobre el comercio internacional de especies amenazadas de fauna y flora silvestre
260 ## - PUBLICACION, DISTRIBUCION, ETC. (PIE DE IMPRENTA)
Lugar de publicación, distribución, etc. Washington D.C.:
Nombre del editor, distribuidor, etc. IUCN :
-- SSC,
Fecha de publicación, distribución, etc. 1987.
300 ## - DESCRIPCION FISICA
Extensión 96 páginas ;
Dimensiones 28 x 22 cm.
650 #6 - ASIENTO SECUNDARIO DE MATERIA - TERMINO TEMATICO
Término temático o nombre geográfico como elemento de entrada Fauna
Subdivisión de forma Guías
Subdivisión general Conservación
9 (RLIN) 50539
650 #6 - ASIENTO SECUNDARIO DE MATERIA - TERMINO TEMATICO
Término temático o nombre geográfico como elemento de entrada Flora
Subdivisión de forma Guías
Subdivisión general Conservación
9 (RLIN) 50540
650 #6 - ASIENTO SECUNDARIO DE MATERIA - TERMINO TEMATICO
Término temático o nombre geográfico como elemento de entrada Especies en peligro de extinción
Subdivisión de forma Guías
Subdivisión general Conservación
9 (RLIN) 50541
942 ## - ELEMENTOS ADICIONALES (KOHA)
Tipo de ítem Libro
Sistema de clasificación Dewey Decimal Classification
Existencias
Withdrawn status Lost status Sistema de Clasificación Damaged status No para préstamo Colección Inventariado Ubicación Permanente Ubicación actual Fecha de adquisición Fuente de Valor Valor Total Checkouts Número topográfico Inventario / Código de Barras Date last seen Ejemplar Price effective from Forma de adquisición Tipo de material
    Dewey Decimal Classification     General Inventariado 2017 Bogotá Bogotá 02/02/2004 Instituto 40000.00   LB-333.9522 B91c 015389 04/12/2012 Ej. 1 04/12/2012   Libro